1651 1910 1943 1129 1461 1891 1397 1596 1969 1597 1939 1958 1045 1752 1906 1673 1901 1115 1456 1562 1584 1286 1355 1678 1616 1587 1571 1512 1973 1900 1243 1436 1155 1986 1796 1528 2000 1360 1697 1678 1313 1868 1809 1500 1643 1661 1973 1028 1648 1740 1562 1823 1082 1917 1222 1091 1860 1420 1338 1450 1320 1866 1208 1421 1910 1299 1428 1033 1306 1289 1545 1063 1340 1073 1403 1658 1635 1016 1419 1699 1597 1800 1120 1536 1784 1955 1205 1734 1502 1224 1330 1629 1406 1809 1082 1152 1505 1706 1785 BCNSPRNW ULIB Ver.6.0+V

เปลี่ยนเป็นภาษาไทย

Change to English
 แสดงรายละเอียดบรรณานุกรม
  กลับหน้าหลัก

Brief Record : Get Marc (ISO 2709) : E-mail record : QR code < ปิดหน้าต่าง
LEADER : 00000nam 2200000uu 4500
001    13399108347
003     ULIB
008    110301s2545||||th 000 0 tha d
020    9749087236
060 04 WY105^bก446 2545
245 00 การจัดการทางการพยาบาล :^bกลยุทธ์สู่การปฏิบัติ =^bNursingcase management : strategies and applications /^cบรรณาธิการ, วันเพ็ญ พิชิตพรชัย, อุษาวดี อัศดรวิเศษ
246 31 Nursing case management : strategies and applications
260    กรุงเทพฯ :^bคณะพยาบาลศาสตร์ มหาวิทยาลัยมหิดล,^c2545
300    [7], 148 หน้า ;^c27 ซม.
650  7 การพยาบาล
650  7 ผู้ป่วย^xการดูแล
700 0  วันเพ็ญ พิชิตพรชัย,^eบรรณาธิการ
700 0  อุษาวดี อัศดรวิเศษ
710 2  มหาวิทยาลัยมหิดล. ^bคณะพยาบาลศาสตร์
945    ^p0^l0^i018844
945    ^p0^l0^i017669
995    เกษร
999 ^a ใช้งานได้ทุกระบบ
รายการนี้ยังไม่มีแท็ก
คุณยังไม่ได้ล็อกอิน คุณสามารถมีกิจกรรมร่วมกับเว็บไซต์ได้ แต่ต้องล็อกอินก่อน ::
  ล็อกอิน

รายการสื่อสารสนเทศ

ลำดับที่ ประเภท เลขเรียก/บาร์โค้ด สถานที่ สถานะ
- ไม่พบข้อมูล -

รายการใกล้เคียง
    หัวเรื่อง [การพยาบาล]
    หัวเรื่อง [ผู้ป่วย การดูแล]

BibComment


ยังไม่เคยถูกคอมเมนท์

คอมเมนท์ทรัพยากรรายการนี้
  คอมเมนท์: การจัดการทางการพย..


 Copyright 2026. Bcnsprnw @Library